000 00870nam a22002657a 4500
003 URS
005 20260224153518.0
008 250929b ||||| |||| 00| 0 eng d
020 _a978-621-04-5060-6
040 _cURS
050 _aQA 21
_b.B6409 2024
100 _aBondoc, John Mark Flores.
_4Author.
245 _aHistory of Mathematics /
_cJohn Mark Flores Bondoc, Jhon Carlo Santiago Villa.
250 _aFirst Edition. --
264 _aQuezon City :
_bREX Book Store,
_c©2024.
300 _axi, 139 pages :
_billustrations ;
_c25 cm.
336 _2rdacontent
_atext
337 _2rdamedia
_aunmediated
338 _2rdacarrier
_avolume
504 _aIncludes bibliographical references and indexes.
650 0 _aMathematics
_xHistory.
700 _aVilla, Jhon Carlo Santiago.
_4Author.
700 _aPawilen, Greg Tabios.
_4Coordinator.
942 _2lcc
_cF
999 _c88106
_d88103